Topologie : exercices et problemes corriges
Αποθηκεύτηκε σε:
| Κύριος συγγραφέας: | |
|---|---|
| Μορφή: | Βιβλίο |
| Γλώσσα: | French |
| Δημοσίευση: |
Paris :
Hermann ; Editeurs des sciences et des arts,
1995.
|
| Σειρά: | Livrets d'exercices
|
| Θέματα: | |
| Ετικέτες: |
Προσθήκη ετικέτας
Δεν υπάρχουν, Καταχωρήστε ετικέτα πρώτοι!
|
MARC
| LEADER | 00000cam a2200000 a 4500 | ||
|---|---|---|---|
| 001 | 1/117541 | ||
| 008 | 181116t1995####fr | ||| |||| ||fre|| | ||
| 020 | |a 2705662812 | ||
| 040 | |a GR-MyUa |b gre |c GR-MyUa |e AACR2 | ||
| 041 | 0 | |a fre | |
| 082 | 7 | |a 514.322 |2 (23) | |
| 100 | 1 | |a Wagschal, Claude. | |
| 245 | 1 | 0 | |a Topologie : |b exercices et problemes corriges / |c Claude Wagschal. |
| 260 | |a Paris : |b Hermann ; Editeurs des sciences et des arts, |c 1995. | ||
| 300 | |a vi, 128, (2) σ. ; |c 19 3κ. | ||
| 490 | 1 | |a (Livrets d' exercices) | |
| 650 | 0 | |a Topological spaces |x Problems, exercises, etc. | |
| 650 | 0 | |a Functional analysis |x Problems, exercises, etc. | |
| 650 | 0 | |a Numbers, Real. | |
| 830 | 0 | |a Livrets d'exercices | |
| 852 | |a INST |b SAMOS |e 20181116 |h 514.322 WAG |p 005300045692 |q 005300045692 |t BK |y 0 | ||
| 970 | |a Γουβάλα |b Βάσω |z 16-11-2018 | ||